000 00427nam a22001337a 4500
008 160706b xxu||||| |||| 00| 0 eng d
020 _a9781118108215
050 _aLB 1631 .C656 2012
245 _aCommon Core: Curriculum maps:
_bEnglish Language arts.
260 _aUSA:
_bJosey-Bass,
_c2012.
300 _axx, 215 p.
_bIncludes index.
650 _aLanguage arts.
942 _2lcc
_cBOOKS
_hLB 1631 .C656 2012
999 _c11370
_d11370